[Event "DEM U16 2021"]
[Site "Willingen GER"]
[Date "2021.08.26"]
[Round "6"]
[White "Gallasch, Jonas"]
[Black "Haufe, Laurin"]
[Result "0-1"]
[Termination "normal"]
[Board "2"]
[WhiteElo "2046"]
[BlackElo "2013"]
[WhiteClock "00:03:54"]
[BlackClock "00:04:37"]
[PlyCount "170"]
[WhiteFideId "16222474"]
[BlackFideId "12976504"]
[EventCountry "GER"]
[EventRounds "9"]
[EventType "swiss"]
[EventDate "2021.08.22"]

1. Nf3 {[%clk 1:30:56]} c5 {[%clk 1:30:55]} 2. c4 {[%clk 1:31:20]} Nf6 {[%clk
1:31:14]} 3. g3 {[%clk 1:31:24]} Nc6 {[%clk 1:31:06]} 4. Bg2 {[%clk 1:31:40]}
d5 {[%clk 1:31:20]} 5. O-O {[%clk 1:23:30]} e5 {[%clk 1:27:44]} 6. d3 {[%clk
1:21:51]} Be7 {[%clk 1:26:53]} 7. Nc3 {[%clk 1:11:54]} d4 {[%clk 1:21:53]} 8.
Nb1 {[%clk 1:02:33]} O-O {[%clk 1:20:41]} 9. a3 {[%clk 0:59:04]} Qc7 {[%clk
1:17:12]} 10. e3 {[%clk 0:58:03]} a6 {[%clk 1:09:31]} 11. exd4 {[%clk 0:56:19]}
exd4 {[%clk 1:08:11]} 12. Bf4 {[%clk 0:53:50]} Bd6 {[%clk 1:08:16]} 13. Bxd6
{[%clk 0:53:23]} Qxd6 {[%clk 1:08:41]} 14. Nbd2 {[%clk 0:53:40]} Bf5 {[%clk
1:02:43]} 15. Qc2 {[%clk 0:51:51]} h6 {[%clk 1:02:01]} 16. Rfe1 {[%clk
0:39:13]} Bh7 {[%clk 0:54:37]} 17. Rab1 {[%clk 0:33:33]} Rac8 {[%clk 0:51:48]}
18. Re2 {[%clk 0:24:18]} Rfe8 {[%clk 0:40:33]} 19. Rbe1 {[%clk 0:23:43]} Rxe2
{[%clk 0:39:52]} 20. Rxe2 {[%clk 0:24:06]} b5 {[%clk 0:39:55]} 21. Nb3 {[%clk
0:21:23]} b4 {[%clk 0:29:05]} 22. a4 {[%clk 0:14:00]} Nb8 {[%clk 0:20:50]} 23.
Nfd2 {[%clk 0:12:07]} Nbd7 {[%clk 0:20:40]} 24. Ne4 {[%clk 0:11:39]} Qc7 {[%clk
0:19:23]} 25. Nbd2 {[%clk 0:11:00]} g5 {[%clk 0:16:48]} 26. Nxf6+ {[%clk
0:09:22]} Nxf6 {[%clk 0:17:07]} 27. Ne4 {[%clk 0:09:44]} Nd7 {[%clk 0:17:11]}
28. Qd2 {[%clk 0:05:59]} Kg7 {[%clk 0:09:53]} 29. f4 {[%clk 0:05:13]} gxf4
{[%clk 0:09:52]} 30. gxf4 {[%clk 0:03:57]} Re8 {[%clk 0:08:41]} 31. Ng3 {[%clk
0:02:10]} Rxe2 {[%clk 0:08:28]} 32. Nh5+ {[%clk 0:02:09]} Kf8 {[%clk 0:05:43]}
33. Qxe2 {[%clk 0:02:38]} Bg6 {[%clk 0:05:47]} 34. Bh3 {[%clk 0:02:14]} Nb8
{[%clk 0:03:09]} 35. Qf3 {[%clk 0:01:35]} Qc6 {[%clk 0:02:10]} 36. Qg4 {[%clk
0:00:41]} Qe8 {[%clk 0:01:42]} 37. Ng3 {[%clk 0:00:40]} Bxd3 {[%clk 0:01:37]}
38. Qh5 {[%clk 0:00:33]} Qe3+ {[%clk 0:01:40]} 39. Kg2 {[%clk 0:00:45]} Be4+
{[%clk 0:01:54]} 40. Nxe4 {[%clk 0:00:38]} Qxe4+ {[%clk 0:02:19]} 41. Qf3
{[%clk 0:24:08]} Qxf3+ {[%clk 0:26:30]} 42. Kxf3 {[%clk 0:24:32]} Ke7 {[%clk
0:26:46]} 43. Ke4 {[%clk 0:22:04]} Kd6 {[%clk 0:25:52]} 44. Bg4 {[%clk
0:18:55]} Nd7 {[%clk 0:25:44]} 45. Be2 {[%clk 0:17:45]} Nb6 {[%clk 0:23:22]}
46. b3 {[%clk 0:18:06]} Nd7 {[%clk 0:23:43]} 47. Kf5 {[%clk 0:15:40]} a5 {[%clk
0:23:20]} 48. Bf1 {[%clk 0:15:22]} Ke7 {[%clk 0:22:13]} 49. Bd3 {[%clk
0:14:34]} Kf8 {[%clk 0:18:26]} 50. Bf1 {[%clk 0:13:52]} Ke7 {[%clk 0:17:49]}
51. Bd3 {[%clk 0:14:16]} f6 {[%clk 0:18:01]} 52. Bf1 {[%clk 0:12:35]} Kf7
{[%clk 0:18:02]} 53. Bd3 {[%clk 0:12:39]} Nf8 {[%clk 0:18:01]} 54. Be2 {[%clk
0:13:01]} Ne6 {[%clk 0:16:44]} 55. Bh5+ {[%clk 0:04:58]} Ke7 {[%clk 0:17:09]}
56. Be2 {[%clk 0:05:23]} d3 {[%clk 0:05:08]} 57. Bxd3 {[%clk 0:05:47]} Nd4+
{[%clk 0:05:30]} 58. Kg6 {[%clk 0:05:38]} Nxb3 {[%clk 0:05:47]} 59. Kxh6 {[%clk
0:06:01]} Kf7 {[%clk 0:06:09]} 60. Bg6+ {[%clk 0:05:14]} Kg8 {[%clk 0:04:18]}
61. Bd3 {[%clk 0:04:52]} Kf7 {[%clk 0:00:50]} 62. Bg6+ {[%clk 0:05:16]} Kg8
{[%clk 0:00:45]} 63. Bd3 {[%clk 0:05:40]} Nc1 {[%clk 0:00:41]} 64. Bf5 {[%clk
0:05:28]} Kf7 {[%clk 0:00:43]} 65. Bg6+ {[%clk 0:05:52]} Kg8 {[%clk 0:00:46]}
66. Bf5 {[%clk 0:06:17]} Kf7 {[%clk 0:00:45]} 67. Bg6+ {[%clk 0:06:42]} Ke7
{[%clk 0:00:43]} 68. Kh5 {[%clk 0:01:15]} Ne2 {[%clk 0:00:34]} 69. Kg4 {[%clk
0:01:37]} b3 {[%clk 0:00:36]} 70. Kf3 {[%clk 0:01:03]} Nc3 {[%clk 0:00:58]} 71.
Ke3 {[%clk 0:01:22]} b2 {[%clk 0:00:47]} 72. Kd2 {[%clk 0:01:41]} b1=Q {[%clk
0:00:46]} 73. Bxb1 {[%clk 0:02:06]} Nxb1+ {[%clk 0:01:12]} 74. Kc2 {[%clk
0:02:30]} Na3+ {[%clk 0:01:37]} 75. Kb3 {[%clk 0:02:56]} Kf7 {[%clk 0:01:21]}
76. Kxa3 {[%clk 0:02:10]} Kg6 {[%clk 0:01:46]} 77. Kb2 {[%clk 0:01:44]} f5
{[%clk 0:01:13]} 78. Kc3 {[%clk 0:01:29]} Kh5 {[%clk 0:01:38]} 79. Kd3 {[%clk
0:01:24]} Kg4 {[%clk 0:02:00]} 80. Ke3 {[%clk 0:01:50]} Kh3 {[%clk 0:02:24]}
81. Kf3 {[%clk 0:02:14]} Kxh2 {[%clk 0:02:50]} 82. Kf2 {[%clk 0:02:40]} Kh3
{[%clk 0:03:16]} 83. Kf3 {[%clk 0:03:06]} Kh4 {[%clk 0:03:43]} 84. Kf2 {[%clk
0:03:29]} Kg4 {[%clk 0:04:10]} 85. Ke3 {[%clk 0:03:54]} Kg3 {[%clk 0:04:37]}
0-1

[Event "DEM U16 2021"]
[Site "Willingen GER"]
[Date "2021.08.26"]
[Round "6"]
[White "Bethke, Richard"]
[Black "Farokhi, Keyvan"]
[Result "1-0"]
[Termination "normal"]
[Board "3"]
[WhiteTitle "FM"]
[WhiteElo "2337"]
[BlackElo "2045"]
[WhiteClock "00:57:41"]
[BlackClock "00:02:15"]
[PlyCount "60"]
[WhiteFideId "12959243"]
[BlackFideId "12998630"]
[EventCountry "GER"]
[EventRounds "9"]
[EventType "swiss"]
[EventDate "2021.08.22"]

1. e4 {[%clk 1:30:57]} e5 {[%clk 1:30:44]} 2. Nf3 {[%clk 1:31:13]} Nc6 {[%clk
1:31:05]} 3. Bb5 {[%clk 1:31:30]} a6 {[%clk 1:31:28]} 4. Ba4 {[%clk 1:31:54]}
Nf6 {[%clk 1:31:50]} 5. Bxc6 {[%clk 1:32:20]} dxc6 {[%clk 1:30:43]} 6. d3
{[%clk 1:32:46]} Bd6 {[%clk 1:30:09]} 7. Nbd2 {[%clk 1:33:10]} Nd7 {[%clk
1:24:58]} 8. a4 {[%clk 1:28:04]} Nf8 {[%clk 1:23:38]} 9. Nc4 {[%clk 1:24:26]}
Ng6 {[%clk 1:20:00]} 10. b3 {[%clk 1:23:29]} Bb4+ {[%clk 1:18:22]} 11. Bd2
{[%clk 1:23:52]} Bxd2+ {[%clk 1:18:33]} 12. Qxd2 {[%clk 1:23:05]} Qe7 {[%clk
1:14:37]} 13. h4 {[%clk 1:16:30]} h5 {[%clk 0:55:55]} 14. Qg5 {[%clk 1:15:11]}
Qxg5 {[%clk 0:56:12]} 15. hxg5 {[%clk 1:15:36]} f6 {[%clk 0:56:35]} 16. gxf6
{[%clk 1:14:37]} gxf6 {[%clk 0:56:57]} 17. Ne3 {[%clk 1:09:35]} h4 {[%clk
0:40:35]} 18. Kd2 {[%clk 1:04:27]} h3 {[%clk 0:39:42]} 19. g3 {[%clk 1:03:13]}
Kf7 {[%clk 0:38:18]} 20. Rh2 {[%clk 1:02:53]} Be6 {[%clk 0:22:07]} 21. Rah1
{[%clk 1:02:28]} Ne7 {[%clk 0:13:37]} 22. Ng1 {[%clk 1:01:32]} f5 {[%clk
0:10:13]} 23. Nxh3 {[%clk 1:00:22]} Kf6 {[%clk 0:09:40]} 24. f4 {[%clk
0:58:12]} fxe4 {[%clk 0:07:04]} 25. Ng5 {[%clk 0:57:21]} Rxh2+ {[%clk 0:06:44]}
26. Rxh2 {[%clk 0:57:46]} exf4 {[%clk 0:06:28]} 27. gxf4 {[%clk 0:58:00]} Nf5
{[%clk 0:01:40]} 28. Ng4+ {[%clk 0:57:00]} Ke7 {[%clk 0:02:08]} 29. Rh7+ {[%clk
0:57:19]} Kd6 {[%clk 0:02:15]} 30. Nxe4+ {[%clk 0:57:41]} Kd5 1-0

[Event "DEM U16 2021"]
[Site "Willingen GER"]
[Date "2021.08.26"]
[Round "6"]
[White "Eilenberg, Jonas"]
[Black "Colbow, Collin"]
[Result "0-1"]
[Termination "normal"]
[Board "4"]
[BlackTitle "FM"]
[WhiteElo "2087"]
[BlackElo "2356"]
[WhiteClock "00:13:47"]
[BlackClock "00:17:43"]
[PlyCount "60"]
[WhiteFideId "16204271"]
[BlackFideId "16201132"]
[EventCountry "GER"]
[EventRounds "9"]
[EventType "swiss"]
[EventDate "2021.08.22"]

1. d4 {[%clk 1:30:57]} f5 {[%clk 1:30:55]} 2. g3 {[%clk 1:31:01]} Nf6 {[%clk
1:31:20]} 3. Bg2 {[%clk 1:31:13]} g6 {[%clk 1:31:46]} 4. b3 {[%clk 1:30:16]}
Bg7 {[%clk 1:31:28]} 5. Bb2 {[%clk 1:30:29]} O-O {[%clk 1:31:43]} 6. Nf3 {[%clk
1:30:45]} b6 {[%clk 1:30:17]} 7. O-O {[%clk 1:27:27]} Bb7 {[%clk 1:30:36]} 8.
Nbd2 e6 {[%clk 1:27:36]} 9. c4 {[%clk 1:22:42]} d6 {[%clk 1:14:30]} 10. Re1
{[%clk 1:11:16]} Qe7 {[%clk 1:09:01]} 11. c5 {[%clk 0:58:33]} Ne4 {[%clk
0:57:18]} 12. cxd6 {[%clk 0:53:25]} cxd6 {[%clk 0:57:25]} 13. Nc4 {[%clk
0:50:26]} Nd7 {[%clk 0:47:17]} 14. e3 {[%clk 0:42:34]} g5 {[%clk 0:42:54]} 15.
Ba3 {[%clk 0:39:23]} b5 {[%clk 0:40:45]} 16. Na5 {[%clk 0:36:04]} Bd5 {[%clk
0:40:49]} 17. Rc1 {[%clk 0:34:08]} Rac8 {[%clk 0:37:58]} 18. Rc2 {[%clk
0:26:04]} g4 {[%clk 0:35:56]} 19. Nd2 {[%clk 0:25:48]} Ndf6 {[%clk 0:35:20]}
20. Qc1 {[%clk 0:24:12]} Qd7 {[%clk 0:28:22]} 21. Nb1 {[%clk 0:18:10]} Rxc2
{[%clk 0:26:26]} 22. Qxc2 {[%clk 0:18:34]} Rc8 {[%clk 0:26:50]} 23. Qd3 {[%clk
0:18:52]} a6 {[%clk 0:25:12]} 24. Bb4 {[%clk 0:15:28]} Qc7 {[%clk 0:24:12]} 25.
Na3 {[%clk 0:15:51]} Ng5 {[%clk 0:20:26]} 26. Bd2 {[%clk 0:14:47]} Bxg2 {[%clk
0:20:25]} 27. Kxg2 {[%clk 0:14:43]} Nf3 {[%clk 0:20:29]} 28. Rd1 {[%clk
0:13:42]} Nxd2 {[%clk 0:17:15]} 29. Qxd2 {[%clk 0:13:48]} Ne4 {[%clk 0:17:19]}
30. Qb4 {[%clk 0:13:47]} d5 {[%clk 0:17:43]} 0-1

[Event "DEM U16 2021"]
[Site "Willingen GER"]
[Date "2021.08.26"]
[Round "6"]
[White "Arakelian, Aik"]
[Black "Laux, Dominik"]
[Result "1/2-1/2"]
[Termination "normal"]
[Board "5"]
[WhiteElo "2052"]
[BlackElo "2085"]
[WhiteClock "00:07:14"]
[BlackClock "00:03:03"]
[PlyCount "63"]
[WhiteFideId "16220340"]
[BlackFideId "12994219"]
[EventCountry "GER"]
[EventRounds "9"]
[EventType "swiss"]
[EventDate "2021.08.22"]

1. e4 {[%clk 1:30:48]} c5 {[%clk 1:30:49]} 2. Nc3 {[%clk 1:30:29]} Nc6 {[%clk
1:30:19]} 3. Bb5 {[%clk 1:30:11]} Nd4 {[%clk 1:28:51]} 4. Bc4 {[%clk 1:29:27]}
g6 {[%clk 1:27:12]} 5. Nf3 {[%clk 1:27:47]} Bg7 {[%clk 1:26:00]} 6. Nxd4 {[%clk
1:27:48]} cxd4 {[%clk 1:25:41]} 7. Qf3 {[%clk 1:28:03]} e6 {[%clk 1:10:20]} 8.
Ne2 {[%clk 1:21:35]} Ne7 {[%clk 1:08:59]} 9. c3 {[%clk 1:11:01]} Nc6 {[%clk
1:02:15]} 10. cxd4 {[%clk 1:07:36]} Nxd4 {[%clk 1:01:50]} 11. Nxd4 {[%clk
1:07:57]} Bxd4 {[%clk 1:02:15]} 12. h4 {[%clk 1:06:32]} Qf6 {[%clk 0:53:27]}
13. Qxf6 {[%clk 1:05:18]} Bxf6 {[%clk 0:53:55]} 14. h5 {[%clk 1:05:39]} b6
{[%clk 0:50:23]} 15. d3 {[%clk 0:59:02]} Bb7 {[%clk 0:47:41]} 16. Rb1 {[%clk
0:55:54]} Rc8 {[%clk 0:39:50]} 17. Be3 {[%clk 0:53:59]} O-O {[%clk 0:34:55]}
18. hxg6 {[%clk 0:41:17]} hxg6 {[%clk 0:35:17]} 19. Bb3 {[%clk 0:34:54]} Rfd8
{[%clk 0:25:46]} 20. f4 {[%clk 0:27:59]} Bg7 {[%clk 0:21:21]} 21. Rh2 {[%clk
0:25:28]} e5 {[%clk 0:17:21]} 22. g4 {[%clk 0:22:20]} d5 {[%clk 0:11:52]} 23.
f5 {[%clk 0:21:39]} dxe4 {[%clk 0:10:35]} 24. fxg6 {[%clk 0:21:50]} Rxd3 {[%clk
0:09:18]} 25. Bxf7+ {[%clk 0:20:21]} Kf8 {[%clk 0:09:47]} 26. Bd2 {[%clk
0:20:07]} a5 {[%clk 0:09:26]} 27. Bc3 {[%clk 0:15:43]} Rf3 {[%clk 0:06:26]} 28.
Rd1 {[%clk 0:15:31]} Ba6 {[%clk 0:04:28]} 29. Rf2 {[%clk 0:12:53]} Bf6 {[%clk
0:02:49]} 30. Rxf3 {[%clk 0:07:56]} exf3 {[%clk 0:03:17]} 31. Kf2 {[%clk
0:08:11]} Bb7 {[%clk 0:03:03]} 32. Bd5 {[%clk 0:07:14]} 1/2-1/2

[Event "DEM U16 2021"]
[Site "Willingen GER"]
[Date "2021.08.26"]
[Round "6"]
[White "Bui, Bao Anh Le"]
[Black "Haack, Kevin"]
[Result "1-0"]
[Termination "normal"]
[Board "6"]
[WhiteElo "2179"]
[BlackElo "2076"]
[WhiteClock "00:03:07"]
[BlackClock "00:13:05"]
[PlyCount "81"]
[WhiteFideId "12970719"]
[BlackFideId "16228715"]
[EventCountry "GER"]
[EventRounds "9"]
[EventType "swiss"]
[EventDate "2021.08.22"]

1. e4 {[%clk 1:30:47]} c5 {[%clk 1:30:54]} 2. Nf3 {[%clk 1:31:05]} d6 {[%clk
1:31:20]} 3. d4 {[%clk 1:31:32]} cxd4 {[%clk 1:31:45]} 4. Qxd4 {[%clk 1:31:59]}
Nc6 {[%clk 1:32:08]} 5. Bb5 {[%clk 1:32:21]} Bd7 {[%clk 1:32:35]} 6. Bxc6
{[%clk 1:32:42]} Bxc6 {[%clk 1:32:28]} 7. Nc3 {[%clk 1:33:00]} e5 {[%clk
1:31:40]} 8. Qd3 {[%clk 1:31:00]} h6 {[%clk 1:31:50]} 9. O-O {[%clk 1:27:42]}
Nf6 {[%clk 1:32:10]} 10. Rd1 {[%clk 1:27:48]} Be7 {[%clk 1:28:25]} 11. b3
{[%clk 0:58:08]} O-O {[%clk 1:23:47]} 12. a4 {[%clk 0:53:29]} Qc7 {[%clk
1:17:05]} 13. Ba3 {[%clk 0:35:08]} Rfd8 {[%clk 1:16:07]} 14. Qc4 {[%clk
0:22:32]} Rac8 {[%clk 1:12:58]} 15. Rd2 {[%clk 0:14:13]} b6 {[%clk 0:59:37]}
16. Re1 {[%clk 0:06:49]} Qb7 {[%clk 0:54:57]} 17. Qe2 {[%clk 0:05:51]} a6
{[%clk 0:46:50]} 18. h3 b5 {[%clk 0:42:38]} 19. axb5 {[%clk 0:04:42]} axb5
{[%clk 0:43:02]} 20. Bb4 {[%clk 0:05:03]} Bf8 {[%clk 0:40:14]} 21. Nh2 {[%clk
0:04:31]} d5 {[%clk 0:29:43]} 22. Bxf8 {[%clk 0:04:53]} Rxf8 {[%clk 0:29:50]}
23. exd5 {[%clk 0:02:52]} Nxd5 {[%clk 0:30:09]} 24. Nxd5 {[%clk 0:02:16]} Bxd5
{[%clk 0:30:35]} 25. Nf3 {[%clk 0:02:28]} f6 {[%clk 0:19:19]} 26. Red1 {[%clk
0:02:23]} Bc6 {[%clk 0:18:41]} 27. Nh4 {[%clk 0:01:56]} Qc7 {[%clk 0:14:53]}
28. Qg4 {[%clk 0:02:20]} Rfd8 {[%clk 0:08:49]} 29. Rxd8+ {[%clk 0:02:33]} Rxd8
{[%clk 0:09:17]} 30. Rxd8+ {[%clk 0:02:59]} Qxd8 {[%clk 0:09:44]} 31. Qe6+
{[%clk 0:03:27]} Kh8 {[%clk 0:09:48]} 32. Qxc6 {[%clk 0:03:49]} Qd1+ {[%clk
0:10:11]} 33. Kh2 {[%clk 0:04:15]} Qd4 {[%clk 0:10:33]} 34. Qe8+ {[%clk
0:03:56]} Kh7 {[%clk 0:10:59]} 35. Qg6+ {[%clk 0:04:21]} Kh8 {[%clk 0:11:13]}
36. Qe8+ {[%clk 0:04:44]} Kh7 {[%clk 0:11:40]} 37. Qg6+ {[%clk 0:05:11]} Kh8
{[%clk 0:12:07]} 38. Qg4 {[%clk 0:04:05]} Qxf2 {[%clk 0:12:24]} 39. Qc8+ {[%clk
0:02:23]} Kh7 {[%clk 0:12:51]} 40. Qf5+ {[%clk 0:02:45]} Qxf5 {[%clk 0:13:05]}
41. Nxf5 {[%clk 0:03:07]} 1-0

[Event "DEM U16 2021"]
[Site "Willingen GER"]
[Date "2021.08.26"]
[Round "6"]
[White "Musiolik, David"]
[Black "Milare, Tyron"]
[Result "1-0"]
[Termination "normal"]
[Board "7"]
[WhiteElo "2286"]
[BlackElo "2161"]
[WhiteClock "00:04:44"]
[BlackClock "00:17:42"]
[PlyCount "115"]
[WhiteFideId "12972355"]
[BlackFideId "12987018"]
[EventCountry "GER"]
[EventRounds "9"]
[EventType "swiss"]
[EventDate "2021.08.22"]

1. e4 {[%clk 1:30:57]} c5 {[%clk 1:30:56]} 2. Ne2 {[%clk 1:31:21]} d6 {[%clk
1:30:32]} 3. g3 {[%clk 1:31:26]} e5 {[%clk 1:29:18]} 4. Bg2 {[%clk 1:30:35]}
Nc6 {[%clk 1:28:53]} 5. c3 {[%clk 1:29:18]} Be7 {[%clk 1:27:00]} 6. d4 {[%clk
1:20:36]} Bf6 {[%clk 1:20:20]} 7. Be3 {[%clk 1:10:56]} exd4 {[%clk 1:05:55]} 8.
cxd4 {[%clk 1:11:16]} Qb6 {[%clk 1:06:08]} 9. e5 {[%clk 1:05:22]} dxe5 {[%clk
1:05:01]} 10. dxc5 {[%clk 1:04:16]} Qxb2 {[%clk 1:05:10]} 11. Nbc3 {[%clk
1:03:09]} Bf5 {[%clk 1:01:46]} 12. O-O {[%clk 0:51:09]} Nge7 {[%clk 0:59:18]}
13. Be4 {[%clk 0:44:46]} Rd8 {[%clk 0:54:34]} 14. Qa4 {[%clk 0:43:16]} Bxe4
{[%clk 0:53:23]} 15. Qxe4 {[%clk 0:43:21]} Nd4 {[%clk 0:49:55]} 16. Bxd4 {[%clk
0:29:17]} exd4 {[%clk 0:50:14]} 17. Rab1 {[%clk 0:28:22]} dxc3 {[%clk 0:46:04]}
18. Rxb2 {[%clk 0:28:09]} cxb2 {[%clk 0:46:27]} 19. Nf4 {[%clk 0:25:58]} g6
{[%clk 0:44:03]} 20. Nd3 {[%clk 0:16:00]} O-O {[%clk 0:43:35]} 21. Nxb2 {[%clk
0:15:40]} Nc6 {[%clk 0:40:42]} 22. Nc4 {[%clk 0:14:28]} Rd4 {[%clk 0:37:15]}
23. Qc2 {[%clk 0:13:25]} Nb4 {[%clk 0:31:29]} 24. Qb3 {[%clk 0:06:25]} Nd3
{[%clk 0:31:51]} 25. Qxb7 {[%clk 0:06:20]} Nxc5 {[%clk 0:32:01]} 26. Qc6 {[%clk
0:06:13]} Ne6 {[%clk 0:32:18]} 27. Ne3 {[%clk 0:06:01]} Rfd8 {[%clk 0:32:35]}
28. Rb1 {[%clk 0:05:52]} R8d7 {[%clk 0:28:09]} 29. Qa6 {[%clk 0:05:01]} R4d6
{[%clk 0:27:42]} 30. Rb8+ {[%clk 0:05:07]} Bd8 {[%clk 0:27:09]} 31. Qa4 {[%clk
0:04:06]} Kg7 {[%clk 0:27:12]} 32. Qg4 {[%clk 0:03:27]} Nd4 {[%clk 0:26:23]}
33. Kg2 {[%clk 0:02:27]} h5 {[%clk 0:25:11]} 34. Qe4 {[%clk 0:02:25]} Ne6
{[%clk 0:25:07]} 35. Rb7 {[%clk 0:02:03]} Rd4 {[%clk 0:18:40]} 36. Qb1 {[%clk
0:01:29]} R7d6 {[%clk 0:18:39]} 37. Rxa7 {[%clk 0:01:14]} Bg5 {[%clk 0:17:06]}
38. Qb7 {[%clk 0:01:11]} Nd8 {[%clk 0:17:25]} 39. Qb5 {[%clk 0:00:37]} Ne6
{[%clk 0:15:44]} 40. Qe8 {[%clk 0:00:35]} Nd8 {[%clk 0:14:48]} 41. Qe5+ {[%clk
0:25:30]} Bf6 {[%clk 0:43:44]} 42. Qb5 {[%clk 0:25:49]} Rd2 {[%clk 0:39:42]}
43. Ra6 {[%clk 0:18:53]} R6d3 {[%clk 0:33:17]} 44. Nc4 {[%clk 0:17:57]} Rd5
{[%clk 0:32:55]} 45. Qb4 {[%clk 0:16:41]} R2d4 {[%clk 0:29:06]} 46. a4 {[%clk
0:16:24]} Re4 {[%clk 0:25:45]} 47. a5 {[%clk 0:12:28]} Ne6 {[%clk 0:23:41]} 48.
Rc6 {[%clk 0:11:45]} Re2 {[%clk 0:22:50]} 49. Kf1 {[%clk 0:08:40]} Ra2 {[%clk
0:22:00]} 50. Rd6 {[%clk 0:07:40]} Rf5 {[%clk 0:20:41]} 51. Rd2 {[%clk
0:07:16]} Ra1+ {[%clk 0:20:46]} 52. Kg2 {[%clk 0:07:43]} Ng5 {[%clk 0:19:44]}
53. Nd6 {[%clk 0:07:05]} Re5 {[%clk 0:18:52]} 54. f4 {[%clk 0:05:48]} Ree1
{[%clk 0:18:23]} 55. fxg5 {[%clk 0:05:47]} Rg1+ {[%clk 0:18:47]} 56. Kf3 {[%clk
0:05:40]} Bxg5 {[%clk 0:18:31]} 57. Qc3+ {[%clk 0:04:49]} Kg8 {[%clk 0:17:42]}
58. Ne8 {[%clk 0:04:44]} 1-0

[Event "DEM U16 2021"]
[Site "Willingen GER"]
[Date "2021.08.26"]
[Round "6"]
[White "Weihrauch, Jakob"]
[Black "Rohde, Niclas"]
[Result "1-0"]
[Termination "normal"]
[Board "8"]
[WhiteElo "2137"]
[BlackElo "1591"]
[WhiteClock "00:05:22"]
[BlackClock "00:00:35"]
[PlyCount "77"]
[WhiteFideId "16210115"]
[BlackFideId "16230205"]
[EventCountry "GER"]
[EventRounds "9"]
[EventType "swiss"]
[EventDate "2021.08.22"]

1. e4 {[%clk 1:30:58]} c5 {[%clk 1:30:53]} 2. Nf3 {[%clk 1:31:24]} d6 {[%clk
1:31:16]} 3. d4 {[%clk 1:31:50]} cxd4 {[%clk 1:31:37]} 4. Nxd4 {[%clk 1:32:16]}
Nf6 {[%clk 1:31:58]} 5. Nc3 {[%clk 1:32:42]} a6 {[%clk 1:32:20]} 6. a3 {[%clk
1:32:52]} e5 {[%clk 1:31:23]} 7. Nf5 {[%clk 1:33:12]} d5 {[%clk 1:21:38]} 8.
Bg5 {[%clk 1:33:07]} d4 {[%clk 1:20:09]} 9. Bxf6 {[%clk 1:33:26]} gxf6 {[%clk
1:19:43]} 10. Nb1 {[%clk 1:33:39]} Bxf5 {[%clk 1:17:15]} 11. exf5 {[%clk
1:34:03]} Qc7 {[%clk 1:15:45]} 12. Nd2 {[%clk 1:32:53]} Nd7 {[%clk 1:02:52]}
13. Ne4 {[%clk 1:24:01]} Be7 {[%clk 0:58:41]} 14. b4 {[%clk 1:20:28]} Nb6
{[%clk 0:45:29]} 15. Bd3 {[%clk 1:17:12]} Nd5 {[%clk 0:42:10]} 16. Qf3 {[%clk
1:00:24]} O-O {[%clk 0:30:01]} 17. g4 {[%clk 0:55:32]} Kh8 {[%clk 0:27:37]} 18.
g5 {[%clk 0:50:37]} Rg8 {[%clk 0:21:58]} 19. Rg1 {[%clk 0:43:00]} Nf4 {[%clk
0:15:01]} 20. Rg3 {[%clk 0:35:16]} Qc6 {[%clk 0:13:16]} 21. h4 {[%clk 0:33:38]}
fxg5 {[%clk 0:10:51]} 22. hxg5 {[%clk 0:24:13]} Bxg5 {[%clk 0:10:43]} 23. c4
{[%clk 0:18:23]} Bh4 {[%clk 0:10:17]} 24. Rxg8+ {[%clk 0:16:57]} Rxg8 {[%clk
0:10:41]} 25. O-O-O {[%clk 0:16:58]} Bxf2 {[%clk 0:08:35]} 26. Bc2 {[%clk
0:12:40]} Be3+ {[%clk 0:07:28]} 27. Kb1 {[%clk 0:12:25]} Qxc4 {[%clk 0:06:09]}
28. Nd6 {[%clk 0:06:15]} Qc7 {[%clk 0:06:13]} 29. Nxb7 {[%clk 0:05:37]} Qc3
{[%clk 0:03:45]} 30. Nd6 {[%clk 0:05:13]} Rg2 {[%clk 0:02:26]} 31. Qa8+ {[%clk
0:05:12]} Kg7 {[%clk 0:01:29]} 32. f6+ {[%clk 0:05:31]} Kh6 {[%clk 0:01:20]}
33. Rh1+ {[%clk 0:05:56]} Kg5 {[%clk 0:01:03]} 34. Ne4+ {[%clk 0:06:14]} Kg4
{[%clk 0:01:01]} 35. Nxc3 {[%clk 0:06:33]} dxc3 {[%clk 0:01:18]} 36. Qg8+
{[%clk 0:06:16]} Kf3 {[%clk 0:01:31]} 37. Qxh7 {[%clk 0:06:34]} Kf2 {[%clk
0:00:50]} 38. Qxf7 {[%clk 0:05:58]} Ne2 {[%clk 0:00:35]} 39. Qc4 {[%clk
0:05:22]} 1-0

[Event "DEM U16 2021"]
[Site "Willingen GER"]
[Date "2021.08.26"]
[Round "6"]
[White "Tovmasyan, Minas"]
[Black "Müller, Magnus"]
[Result "0-1"]
[Termination "normal"]
[Board "9"]
[WhiteElo "1869"]
[BlackElo "2147"]
[WhiteClock "00:14:11"]
[BlackClock "00:54:24"]
[PlyCount "36"]
[WhiteFideId "16247620"]
[BlackFideId "16230060"]
[EventCountry "GER"]
[EventRounds "9"]
[EventType "swiss"]
[EventDate "2021.08.22"]

1. d4 {[%clk 1:30:55]} Nf6 {[%clk 1:30:52]} 2. c4 {[%clk 1:31:15]} e6 {[%clk
1:31:16]} 3. Nf3 {[%clk 1:31:38]} d5 {[%clk 1:31:39]} 4. g3 {[%clk 1:28:55]}
dxc4 {[%clk 1:29:26]} 5. Bg2 {[%clk 1:28:57]} Nc6 {[%clk 1:28:18]} 6. O-O
{[%clk 1:26:35]} a6 {[%clk 1:25:30]} 7. a4 {[%clk 1:22:04]} Rb8 {[%clk
1:21:35]} 8. Na3 {[%clk 1:14:57]} Bxa3 {[%clk 1:17:37]} 9. Rxa3 {[%clk
1:15:19]} b5 {[%clk 1:11:17]} 10. axb5 {[%clk 1:03:31]} axb5 {[%clk 1:10:09]}
11. Bf4 {[%clk 0:55:44]} Bb7 {[%clk 1:03:58]} 12. Re1 {[%clk 0:46:02]} O-O
{[%clk 1:01:37]} 13. e4 {[%clk 0:37:46]} Nb4 {[%clk 1:01:52]} 14. Ne5 {[%clk
0:37:24]} Nd7 {[%clk 1:01:14]} 15. Bf1 {[%clk 0:21:04]} Nxe5 {[%clk 1:00:39]}
16. Bxe5 {[%clk 0:19:53]} Nc6 {[%clk 0:59:29]} 17. Qg4 {[%clk 0:19:18]} f6
{[%clk 0:54:40]} 18. Bf4 {[%clk 0:14:11]} Nxd4 {[%clk 0:54:24]} 0-1